[Event "CrunchLab Masters Div 3 W"]
[Site "chess.com INT"]
[Date "2024.07.19"]
[Round "2.5"]
[White "Paravyan, David"]
[Black "Vakhidov, Jakhongir"]
[Result "1-0"]
[WhiteTitle "GM"]
[BlackTitle "GM"]
[WhiteElo "2608"]
[BlackElo "2571"]
[WhiteFideId "4194985"]
[BlackFideId "14201801"]
[EventDate "2024.07.19"]
[EventType "k.o."]

1. e4 c5 2. Nf3 g6 3. d4 cxd4 4. Nxd4 Nc6 5. c4 Nf6 6. Nc3 d6 7. f3 Bg7 8. Be3
O-O 9. Be2 Nxd4 10. Bxd4 Bd7 11. O-O a5 12. b3 Bc6 13. Kh1 Nd7 14. Bxg7 Kxg7 15.
f4 Qb6 16. Qd3 Qc5 17. Rae1 a4 18. Nd5 Bxd5 19. exd5 axb3 20. axb3 Nf6 21. Bf3
Rfe8 22. Re3 b5 23. g4 bxc4 24. bxc4 h6 25. Qc3 Qa5 26. Qd4 Qa7 27. Qd3 Rac8 28.
g5 hxg5 29. fxg5 Nd7 30. Bg4 Ne5 31. Rxe5 dxe5 32. Qf3 e6 33. Qf6+ Kh7 34. Rf3
Qa1+ 35. Kg2 Qb2+ 36. Rf2 Qb7 37. Qxf7+ Qxf7 38. Rxf7+ Kh8 39. d6 Kg8 40. Rf6
Rxc4 41. Bxe6+ Rxe6 42. Rxe6 Kf7 43. Rxe5 Rd4 44. Re7+ Kf8 45. Re6 Kf7 46. Rf6+
Kg7 47. Kf3 Rd1 48. Ke4 Rg1 49. Rf3 Rg4+ 50. Rf4 Rg1 51. Ke5 Rxg5+ 52. Ke6 Rg2
53. d7 Rd2 54. h4 Rd1 55. Rc4 Rd2 56. Rc8 Re2+ 57. Kd6 Rd2+ 58. Kc6 Rc2+ 59. Kb5 1-0

[Event "CrunchLab Masters Div 3 W"]
[Site "chess.com INT"]
[Date "2024.07.20"]
[Round "3.1"]
[White "Bortnyk, Olexandr"]
[Black "Dubov, Daniil"]
[Result "0-1"]
[WhiteTitle "GM"]
[BlackTitle "GM"]
[WhiteElo "2608"]
[BlackElo "2701"]
[WhiteFideId "14120828"]
[BlackFideId "24126055"]
[EventDate "2024.07.19"]
[EventType "k.o."]

1. d4 d5 2. Nc3 Bf5 3. f3 Nf6 4. Bf4 e6 5. g4 Bg6 6. h4 h5 7. g5 Ng8 8. e4 Bb4
9. Qd3 Ne7 10. Ne2 Nbc6 11. O-O-O O-O 12. Bh3 Na5 13. a3 Bd6 14. Nb5 a6 15. Nxd6
cxd6 16. Kb1 Rc8 17. Rhe1 Nc4 18. Bc1 dxe4 19. fxe4 d5 20. Bg2 Nd6 21. Ng3 Qb6
22. Bf4 dxe4 23. Nxe4 Ndf5 24. c4 Nxh4 25. Bh1 Rfd8 26. Ka2 Nhf5 27. c5 Qa5 28.
Qc4 Nc6 29. b4 Qa4 30. Qb3 Qxb3+ 31. Kxb3 Nfxd4+ 32. Kb2 e5 33. Bh2 a5 34. Nd6
axb4 35. axb4 Nxb4 36. Nxc8 Rxc8 37. Rxe5 Ne6 38. Bxb7 Rxc5 39. Rxc5 Nxc5 40.
Bf3 Nbd3+ 41. Kc3 Nf2 42. Rd8+ Kh7 43. Rd5 Ne6 44. Bg1 Ne4+ 45. Bxe4 Bxe4 46.
Re5 Bc6 47. Kd2 Kg6 48. Be3 h4 49. Ke2 h3 50. Bg1 Nxg5 51. Kf2 f6 52. Re3 Bg2
53. Bh2 Kf5 54. Ra3 Ne4+ 55. Ke3 g5 56. Ra4 Nc3 57. Ra5+ Kg4 58. Ra3 Ne4 59. Ra8
f5 60. Rg8 Nc5 61. Rg6 Kh5 62. Rg8 Ne6 63. Kf2 f4 64. Re8 Nc5 65. Rg8 Ne4+ 66.
Kg1 Kg4 67. Rf8 Nd2 68. Kf2 Nf3 0-1

[Event "CrunchLab Masters Div 3 W"]
[Site "chess.com INT"]
[Date "2024.07.20"]
[Round "3.1"]
[White "Paravyan, David"]
[Black "Erigaisi, Arjun"]
[Result "0-1"]
[WhiteTitle "GM"]
[BlackTitle "GM"]
[WhiteElo "2608"]
[BlackElo "2778"]
[WhiteFideId "4194985"]
[BlackFideId "35009192"]
[EventDate "2024.07.19"]
[EventType "k.o."]

1. e4 c5 2. Nf3 Nc6 3. d4 cxd4 4. Nxd4 Nf6 5. Nc3 e5 6. Ndb5 d6 7. Bg5 a6 8. Na3
b5 9. Bxf6 gxf6 10. Nd5 f5 11. Bxb5 axb5 12. Nxb5 Ra4 13. b4 Rxb4 14. Nbc7+ Kd7
15. O-O Rg8 16. Qh5 Qg5 17. Qxf7+ Be7 18. g3 Qg6 19. Qxf5+ Qxf5 20. exf5 Rd4 21.
c3 Rd3 22. Rfd1 Rf3 23. Nb5 Rxf5 24. Nxe7 Kxe7 25. Nxd6 Rf3 26. Nxc8+ Rxc8 27.
a4 Rxc3 28. Rdc1 Rxc1+ 29. Rxc1 Kd6 30. Rc4 Kd5 31. Rh4 Rc7 32. Kg2 Nd4 33. a5
Nb3 34. a6 Nc5 35. Rh6 Ra7 36. Rh5 Kd4 37. Rh6 Nxa6 38. Rd6+ Kc5 39. Rd8 Nb4 40.
Kf3 Rf7+ 41. Ke3 Nc6 42. Rd2 Ra7 43. Ke4 Ra4+ 44. Kf5 Nd4+ 45. Kf6 Kd5 46. Kg7
Ra7+ 47. Kh6 e4 48. g4 Ke5 49. g5 Nf5+ 50. Kh5 Kf4 51. h4 Ra3 0-1

[Event "CrunchLab Masters Div 3 W"]
[Site "chess.com INT"]
[Date "2024.07.20"]
[Round "3.1"]
[White "Sargsyan, Shant"]
[Black "Anton Guijarro, David"]
[Result "1/2-1/2"]
[WhiteTitle "GM"]
[BlackTitle "GM"]
[WhiteElo "2649"]
[BlackElo "2669"]
[WhiteFideId "13306766"]
[BlackFideId "2285525"]
[EventDate "2024.07.19"]
[EventType "k.o."]

1. d4 d5 2. Nf3 Nf6 3. Bf4 e6 4. e3 Bd6 5. Nbd2 O-O 6. Bd3 Bxf4 7. exf4 b6 8.
Qe2 c5 9. c3 a5 10. O-O Ba6 11. Bxa6 Nxa6 12. Ne5 Nb8 13. Rfd1 Qc7 14. Rac1 Nc6
15. g3 Rfc8 16. Ndf3 Ne4 17. h4 f6 18. Nxc6 Qxc6 19. c4 dxc4 20. dxc5 Nxc5 21.
Rxc4 Rd8 22. Rcc1 Qe4 23. Qxe4 Nxe4 24. Nd4 Nc5 25. Nc6 Rxd1+ 26. Rxd1 h5 27.
Rd6 Kf7 28. Kf1 Rc8 29. Na7 Rc7 30. Nb5 Ne4 31. Rd4 Rc1+ 32. Kg2 Nc5 33. Nd6+
Kg6 34. Rd2 a4 35. Nb5 Kf7 36. a3 Ke7 37. Nc3 f5 38. Na2 1/2-1/2

[Event "CrunchLab Masters Div 3 W"]
[Site "chess.com INT"]
[Date "2024.07.20"]
[Round "3.2"]
[White "Anton Guijarro, David"]
[Black "Sargsyan, Shant"]
[Result "1-0"]
[WhiteTitle "GM"]
[BlackTitle "GM"]
[WhiteElo "2669"]
[BlackElo "2649"]
[WhiteFideId "2285525"]
[BlackFideId "13306766"]
[EventDate "2024.07.19"]
[EventType "k.o."]

1. e4 e5 2. Nf3 Nc6 3. Bb5 a6 4. Ba4 Nf6 5. O-O Be7 6. Bxc6 dxc6 7. Nc3 Bg4 8.
h3 Bh5 9. Qe2 Nd7 10. g4 Bg6 11. d4 Bd6 12. dxe5 Nxe5 13. Nxe5 Bxe5 14. f4 Bd4+
15. Be3 f6 16. Rad1 Bxe3+ 17. Qxe3 Qe7 18. f5 Bf7 19. e5 Qxe5 20. Rfe1 O-O 21.
Qxe5 fxe5 22. Rd7 Rac8 23. Rxe5 Rfd8 24. Rxd8+ Rxd8 25. Re7 Rc8 26. Kf2 Kf8 27.
Rd7 Ke8 28. Rd2 Ke7 29. Ke3 b5 30. b3 a5 31. Kf4 b4 32. Re2+ Kf8 33. Ne4 Re8 34.
Re3 Rd8 35. Rd3 Bd5 36. c4 bxc3 37. Nxc3 Kf7 38. h4 g6 39. Ne4 gxf5 40. Ng5+ Kf6
41. gxf5 h6 42. Ne4+ Kf7 43. Nc3 Kf6 44. Rg3 Bf7 45. Ne4+ Ke7 46. Rg7 Rd1 47.
Rh7 Kf8 48. Rxh6 Bd5 49. Nc3 Rf1+ 50. Ke5 Kg7 51. Rg6+ Kf7 52. Nxd5 cxd5 53. Rc6
Re1+ 54. Kxd5 Re2 55. a4 Re3 56. Rxc7+ Kf6 57. Kc4 Rh3 58. Rc5 Rxh4+ 59. Kc3
Rh3+ 60. Kb2 1-0

[Event "CrunchLab Masters Div 3 W"]
[Site "chess.com INT"]
[Date "2024.07.20"]
[Round "3.2"]
[White "Dubov, Daniil"]
[Black "Bortnyk, Olexandr"]
[Result "1/2-1/2"]
[WhiteTitle "GM"]
[BlackTitle "GM"]
[WhiteElo "2701"]
[BlackElo "2608"]
[WhiteFideId "24126055"]
[BlackFideId "14120828"]
[EventDate "2024.07.19"]
[EventType "k.o."]

1. d4 Nf6 2. Nf3 b6 3. c4 Bb7 4. g3 g6 5. Nc3 Bg7 6. d5 Na6 7. e4 O-O 8. Bg2 Nc5
9. Qc2 e6 10. O-O exd5 11. exd5 Re8 12. Be3 Nfe4 13. Nxe4 Nxe4 14. Rfe1 c6 15.
dxc6 Bxc6 16. Rad1 Rc8 17. Bd4 Bxd4 18. Nxd4 Nf6 19. Rxe8+ Qxe8 20. Nxc6 dxc6
21. c5 Qe5 22. b4 Rc7 23. cxb6 axb6 24. Bxc6 b5 25. a4 bxa4 26. Qxa4 Qe2 27. b5
Ng4 28. Rf1 Ne5 29. Qa8+ Kg7 30. Qa1 f6 31. Re1 Qh5 32. Rc1 Qe2 33. Re1 Qh5 34.
Bg2 Nd3 35. Rd1 Nxf2 36. Kxf2 Rc2+ 37. Kg1 Qe2 38. Rd7+ Kh6 39. Qf1 Qe3+ 40. Kh1
Rf2 41. Qd1 Re2 42. h4 Re1+ 43. Qxe1 Qxe1+ 44. Kh2 Qb4 45. Rd5 f5 46. Bf3 Qb3
47. Bg2 Qb2 48. Kh3 Kg7 49. Rd7+ Kf6 50. Rxh7 Qxb5 51. Rc7 Qd3 52. Rc6+ Kg7 53.
Kh2 Kh6 54. Rc1 Qd6 55. Rf1 Qc7 56. Rf4 Qc2 57. Rf3 Qd2 58. Rf4 Qd6 59. Rf3 Qb8
60. Rf4 Kg7 61. Rf3 Qh8 62. Kg1 Kf6 63. Rf4 Ke5 64. Bf3 g5 65. hxg5 Qh3 66. Kf2
Qh7 67. Bg2 Qg7 68. Rf3 Qxg5 69. Kg1 Qc1+ 70. Kh2 Qh6+ 71. Kg1 Qd2 72. Rf4 Kf6
73. Kh2 Kg5 74. Kg1 Qd8 75. Kh2 Qh8+ 76. Bh3 Qb2+ 77. Bg2 Qc2 78. Rh4 Qd2 79.
Rf4 Qxf4 80. gxf4+ Kxf4 81. Bh3 Ke3 82. Bxf5 1/2-1/2

[Event "CrunchLab Masters Div 3 W"]
[Site "chess.com INT"]
[Date "2024.07.20"]
[Round "3.2"]
[White "Erigaisi, Arjun"]
[Black "Paravyan, David"]
[Result "1-0"]
[WhiteTitle "GM"]
[BlackTitle "GM"]
[WhiteElo "2778"]
[BlackElo "2608"]
[WhiteFideId "35009192"]
[BlackFideId "4194985"]
[EventDate "2024.07.19"]
[EventType "k.o."]

1. e4 e5 2. Bc4 Nf6 3. d3 Bc5 4. Nc3 c6 5. f4 exf4 6. e5 d5 7. exf6 Qxf6 8. Qe2+
Kd8 9. Bxd5 cxd5 10. Qf3 Qe6+ 11. Nge2 g5 12. h4 Nc6 13. Qxd5+ Qxd5 14. Nxd5 Be6
15. Nf6 gxh4 16. Bxf4 Nd4 17. Ne4 Nxc2+ 18. Kd2 Nxa1 19. Nxc5 Rg8 20. Nxe6+ fxe6
21. g3 hxg3 22. Bxg3 Rc8 23. Rxa1 Rc5 24. Rh1 h5 25. d4 Ra5 26. a3 Rb5 27. b4 a5
28. Kc3 axb4+ 29. axb4 Rf5 30. Be5 b5 31. Kd3 Rg4 32. Ke3 h4 33. Nc3 Rh5 34. Ne4
Rg2 35. Nc5 h3 36. Nxe6+ Kd7 37. Nf4 Rg3+ 38. Kf2 Rhg5 39. Rxh3 Rxh3 40. Nxh3
Rg8 41. Nf4 Ra8 42. d5 Ra3 43. Ke2 Rb3 44. Nd3 Rb1 45. Ke3 1-0

[Event "CrunchLab Masters Div 3 W"]
[Site "chess.com INT"]
[Date "2024.07.20"]
[Round "3.3"]
[White "Bortnyk, Olexandr"]
[Black "Dubov, Daniil"]
[Result "1-0"]
[WhiteTitle "GM"]
[BlackTitle "GM"]
[WhiteElo "2608"]
[BlackElo "2701"]
[WhiteFideId "14120828"]
[BlackFideId "24126055"]
[EventDate "2024.07.19"]
[EventType "k.o."]

1. d4 d5 2. Nc3 Bf5 3. f3 Nf6 4. Bf4 e6 5. g4 Bg6 6. h4 h5 7. g5 Ng8 8. e4 Bb4
9. Qd3 Ne7 10. Ne2 O-O 11. O-O-O c5 12. Qb5 Bxc3 13. Nxc3 cxd4 14. Rxd4 e5 15.
Bxe5 Nbc6 16. Nxd5 Nxd4 17. Bxd4 Nxd5 18. Qxd5 Qc7 19. Qe5 Qxe5 20. Bxe5 Rfe8
21. Bd4 b6 22. Kd2 Rac8 23. c3 Red8 24. Ke3 Rc7 25. Bh3 Re7 26. a4 Kh7 27. Ra1
Rb8 28. b4 a6 29. Bf1 b5 30. axb5 axb5 31. Ra5 Reb7 32. Bd3 Kh8 33. f4 Re8 34.
Kf3 Bh7 35. f5 Reb8 36. Kf4 Bg8 37. Be2 1-0

[Event "CrunchLab Masters Div 3 W"]
[Site "chess.com INT"]
[Date "2024.07.20"]
[Round "3.3"]
[White "Paravyan, David"]
[Black "Erigaisi, Arjun"]
[Result "1-0"]
[WhiteTitle "GM"]
[BlackTitle "GM"]
[WhiteElo "2608"]
[BlackElo "2778"]
[WhiteFideId "4194985"]
[BlackFideId "35009192"]
[EventDate "2024.07.19"]
[EventType "k.o."]

1. e4 c5 2. Nf3 Nc6 3. d4 cxd4 4. Nxd4 Nf6 5. Nc3 e5 6. Ndb5 d6 7. Nd5 Nxd5 8.
exd5 Nb8 9. a4 Be7 10. Be2 O-O 11. O-O f5 12. b4 Nd7 13. a5 a6 14. Na3 e4 15.
Nc4 Ne5 16. Nxe5 dxe5 17. Bb2 f4 18. Bxe5 f3 19. gxf3 Bf6 20. Qd4 exf3 21. Bd3
Bxe5 22. Qxe5 Bf5 23. Kh1 Bxd3 24. cxd3 Qf6 25. Rfe1 Rad8 26. Rac1 Rd7 27. Rc5
Qg6 28. Qe6+ Qxe6 29. dxe6 Rxd3 30. Rc7 Re8 31. e7 Rd2 32. Kg1 Re2 33. Kf1 Kf7
34. Rxb7 Ra2 35. h4 h6 36. h5 g5 37. hxg6+ Kxg6 38. Rb6+ Kf7 39. Rxh6 Re2 40.
Rxe2 fxe2+ 41. Kxe2 Rxe7+ 42. Kd3 Rb7 43. Rh7+ 1-0

[Event "CrunchLab Masters Div 3 W"]
[Site "chess.com INT"]
[Date "2024.07.20"]
[Round "3.3"]
[White "Sargsyan, Shant"]
[Black "Anton Guijarro, David"]
[Result "0-1"]
[WhiteTitle "GM"]
[BlackTitle "GM"]
[WhiteElo "2649"]
[BlackElo "2669"]
[WhiteFideId "13306766"]
[BlackFideId "2285525"]
[EventDate "2024.07.19"]
[EventType "k.o."]

1. e4 c6 2. d4 d5 3. exd5 cxd5 4. Bd3 Nc6 5. c3 Qc7 6. h3 e6 7. Nf3 Bd6 8. O-O
Nf6 9. Re1 O-O 10. a4 Bd7 11. Na3 a6 12. Nc2 Ne7 13. Ne5 Ng6 14. Qe2 Be8 15. Bg5
Ne4 16. Nxg6 fxg6 17. Bxe4 dxe4 18. Qxe4 Bh2+ 19. Kh1 Rxf2 20. Rf1 Rxf1+ 21.
Rxf1 h6 22. Bc1 Kh7 23. Ne3 Bc6 24. Qxe6 Re8 25. Qg4 Re4 26. Qd1 Bf4 27. Ng4
Bxc1 28. Qxc1 Re2 29. Rf2 Rxf2 30. Nxf2 Qg3 31. Qf1 Bxa4 32. Ng4 Bc6 33. Kg1 Bd7
34. Qf2 Qd6 35. Ne5 Bf5 36. Qf3 Qb6 37. g4 Bb1 38. b4 Qc7 39. Kf2 b6 40. Qc6 Qd8
41. Kg3 a5 42. bxa5 bxa5 43. Qb5 Be4 44. Qe2 Bb1 45. Qb2 Be4 46. c4 Qg5 47. Qc3
h5 48. h4 Qd8 49. Qe3 Bb1 50. gxh5 gxh5 51. d5 a4 52. Qf3 Qe8 53. Qc3 a3 54. d6
a2 55. d7 Qa8 56. Qa1 Qa3+ 57. Kf4 Qc1+ 58. Kg3 Qe3+ 59. Nf3 Be4 60. Qf1 a1=Q 0-1

[Event "CrunchLab Masters Div 3 W"]
[Site "chess.com INT"]
[Date "2024.07.20"]
[Round "3.4"]
[White "Dubov, Daniil"]
[Black "Bortnyk, Olexandr"]
[Result "1-0"]
[WhiteTitle "GM"]
[BlackTitle "GM"]
[WhiteElo "2701"]
[BlackElo "2608"]
[WhiteFideId "24126055"]
[BlackFideId "14120828"]
[EventDate "2024.07.19"]
[EventType "k.o."]

1. d4 Nf6 2. Nf3 b6 3. c4 Bb7 4. g3 g6 5. Nc3 Bg7 6. d5 O-O 7. e4 Na6 8. Bg2 Nc5
9. Qc2 e6 10. O-O exd5 11. exd5 Re8 12. Be3 Nfe4 13. Nxe4 Nxe4 14. Rfe1 c6 15.
dxc6 Bxc6 16. Rad1 Rc8 17. Bd4 Bxd4 18. Nxd4 Nf6 19. Rxe8+ Qxe8 20. Nxc6 dxc6
21. c5 bxc5 22. Qxc5 Qe2 23. Rb1 Rd8 24. Bf1 Qe4 25. Rc1 Rd2 26. Qc3 Rd6 27. Bg2
Qe6 28. a4 Nd5 29. Qc5 a6 30. Qa7 Qf6 31. b4 Qb2 32. Qb8+ Kg7 33. Qxd6 Qxc1+ 34.
Bf1 Nc3 35. Qd4+ Kg8 36. Qc4 Qb2 37. a5 Nb5 38. Qxc6 Nd4 39. Qxa6 Nf3+ 40. Kg2
Ne1+ 41. Kh1 Qxb4 42. Qa8+ Kg7 43. a6 Qd4 44. Kg1 Qd1 45. Qe4 Nf3+ 46. Kg2 Ne1+
47. Kh1 Nf3 48. Qe2 Qa1 49. Kg2 Ne1+ 50. Kg1 h5 51. a7 Qxa7 52. Qxe1 Qd4 53. h4
Qf6 54. Qe4 Qa1 55. Kg2 Qc3 56. Bc4 Qf6 57. Qd5 Qe7 58. Kf3 f5 59. Qg8+ Kh6 60.
Qh8+ Qh7 61. Qxh7+ 1-0

[Event "CrunchLab Masters Div 3 W"]
[Site "chess.com INT"]
[Date "2024.07.20"]
[Round "3.4"]
[White "Erigaisi, Arjun"]
[Black "Paravyan, David"]
[Result "1/2-1/2"]
[WhiteTitle "GM"]
[BlackTitle "GM"]
[WhiteElo "2778"]
[BlackElo "2608"]
[WhiteFideId "35009192"]
[BlackFideId "4194985"]
[EventDate "2024.07.19"]
[EventType "k.o."]

1. d4 d5 2. c4 dxc4 3. Nf3 Nf6 4. e3 Be6 5. Na3 c5 6. Bxc4 Bxc4 7. Nxc4 Qd5 8.
Nce5 cxd4 9. Qxd4 Qxd4 10. Nxd4 Nfd7 11. Nxd7 Kxd7 12. Ke2 e5 13. Nf3 f6 14.
Rd1+ Ke6 15. e4 Bc5 16. Be3 Bxe3 17. Kxe3 Nc6 18. Rac1 Rhd8 19. Rxd8 Rxd8 20. a3
h5 21. h4 Rd6 22. b4 a6 23. Ne1 Nd4 24. Nd3 b6 25. f4 Rc6 26. Rxc6+ Nxc6 27.
fxe5 fxe5 28. Nb2 Nd4 29. Kd3 b5 30. Kd2 Kf6 31. Nd3 g5 32. hxg5+ Kxg5 33. Ke3
Nc2+ 34. Kf3 Nxa3 35. Nxe5 Nc4 36. Nd3 h4 37. Nc5 a5 38. bxa5 Nxa5 39. Ne6+ Kf6
40. Nc7 Nc4 41. Nxb5 Ke5 1/2-1/2

[Event "CrunchLab Masters Div 3 W"]
[Site "chess.com INT"]
[Date "2024.07.21"]
[Round "4.1"]
[White "Anton Guijarro, David"]
[Black "Alekseev, Evgeny"]
[Result "1-0"]
[WhiteTitle "GM"]
[BlackTitle "GM"]
[WhiteElo "2669"]
[BlackElo "2550"]
[WhiteFideId "2285525"]
[BlackFideId "4138147"]
[EventDate "2024.07.19"]
[EventType "k.o."]

1. e4 e5 2. Nf3 Nc6 3. Bb5 Nf6 4. d3 Bc5 5. Bxc6 dxc6 6. O-O Nd7 7. Nbd2 O-O 8.
Nc4 Re8 9. Be3 Bf8 10. a4 f6 11. Nh4 Nc5 12. Nf5 Ne6 13. h4 g6 14. Ng3 h5 15.
Ne2 Bg7 16. f3 c5 17. f4 exf4 18. Nxf4 Nxf4 19. Rxf4 b6 20. Qf3 Be6 21. b3 g5
22. Rf5 Bxf5 23. Qxf5 Qe7 24. Rf1 Qe6 25. hxg5 Qxf5 26. Rxf5 fxg5 27. Rxg5 Rf8
28. Rxh5 Rae8 29. Nd2 Re6 30. Rg5 Kf7 31. Rd5 Rd6 32. Rh5 Ke8 33. Nf3 Re6 34.
Kf2 Bf6 35. g3 Be7 36. Bf4 Bd6 37. Ke3 Rg6 38. e5 Be7 39. Ke4 Kd7 40. Rh7 Ke6
41. d4 c6 42. c4 cxd4 43. Nxd4+ Kd7 44. e6+ Ke8 45. Nxc6 Rxe6+ 46. Kd5 Re1 47.
Rxe7+ Rxe7 48. Nxe7 1-0

[Event "CrunchLab Masters Div 3 W"]
[Site "chess.com INT"]
[Date "2024.07.21"]
[Round "4.1"]
[White "Erigaisi, Arjun"]
[Black "Dubov, Daniil"]
[Result "0-1"]
[WhiteTitle "GM"]
[BlackTitle "GM"]
[WhiteElo "2778"]
[BlackElo "2701"]
[WhiteFideId "35009192"]
[BlackFideId "24126055"]
[EventDate "2024.07.19"]
[EventType "k.o."]

1. Nf3 Nf6 2. c4 c5 3. Nc3 e6 4. e3 a6 5. d4 d5 6. cxd5 exd5 7. b3 Nc6 8. Bb2
Bg4 9. dxc5 Bxc5 10. Be2 O-O 11. O-O Re8 12. Rc1 Ba7 13. h3 Bh5 14. Nh4 Bg6 15.
Nxg6 hxg6 16. Bf3 d4 17. exd4 Bxd4 18. Na4 Bxb2 19. Nxb2 Nd4 20. Nc4 Ra7 21. Ne3
b5 22. Bd5 Qb6 23. Rc3 Rd7 24. Rd3 Nxd5 25. Rxd4 Nxe3 26. fxe3 Rde7 27. Qf3 Qa7
28. Rf4 Rxe3 29. Qf2 f6 30. Rf3 Qd4 31. Rxe3 Rxe3 32. Kh2 g5 33. Qf5 Qd6+ 34.
Kh1 Qe6 35. Qxe6+ Rxe6 36. Rf2 Kf7 37. Rc2 f5 38. Kg1 Rd6 39. Kf2 Kf6 40. a4
bxa4 41. bxa4 Ke5 42. Rc7 g6 43. Ke3 f4+ 44. Ke2 Kd4 45. Kd2 Ke4+ 46. Ke2 Rb6
47. Re7+ Kd5 48. Rg7 Kc4 49. Kf3 Rb3+ 50. Kf2 Rb6 51. a5 Rd6 52. Kf3 Rd3+ 53.
Kf2 Ra3 54. Rxg6 Rxa5 55. Kf3 Ra3+ 56. Kf2 Ra5 57. Kf3 Kd4 58. Kg4 Ke3 59. Rb6
Ra2 60. Rb3+ Ke4 61. g3 Rg2 62. Rb4+ Ke5 63. Kxg5 Rxg3+ 64. Kh4 Rg6 65. Kh5 Rg8
66. Ra4 f3 67. Ra5+ Kf4 68. Rxa6 Rh8+ 0-1

[Event "CrunchLab Masters Div 3 W"]
[Site "chess.com INT"]
[Date "2024.07.21"]
[Round "4.2"]
[White "Alekseev, Evgeny"]
[Black "Anton Guijarro, David"]
[Result "1/2-1/2"]
[WhiteTitle "GM"]
[BlackTitle "GM"]
[WhiteElo "2550"]
[BlackElo "2669"]
[WhiteFideId "4138147"]
[BlackFideId "2285525"]
[EventDate "2024.07.19"]
[EventType "k.o."]

1. e4 e5 2. Nf3 Nc6 3. Bc4 Nf6 4. d3 d5 5. exd5 Nxd5 6. h3 Bf5 7. O-O Qd7 8. Nc3
Nb6 9. Bb5 f6 10. d4 O-O-O 11. dxe5 Qxd1 12. Rxd1 Rxd1+ 13. Nxd1 Nxe5 14. Nxe5
fxe5 15. Ne3 Bg6 16. Bd2 Bc5 17. Ng4 c6 18. Be2 Rf8 19. b4 Bd6 20. c4 Nd7 21.
Bc3 h5 22. Rd1 Bc7 23. Ne3 Nf6 24. a3 Rd8 25. Rxd8+ Kxd8 26. Kf1 Ke7 27. Ke1 Ke6
28. Bd1 Bb6 29. c5 Bc7 30. Bb3+ Ke7 31. Ke2 Bf7 32. Nf5+ Kf8 33. Bc2 Bc4+ 34.
Bd3 Bxd3+ 35. Kxd3 Kf7 36. Ng3 Ke6 37. Ne4 Nxe4 38. Kxe4 g6 39. Bb2 Bb8 40. Bc3
Bc7 41. Bb2 Bb8 42. Bc1 Bc7 43. Bh6 a5 44. Bd2 a4 45. Bc3 Bb8 46. Bb2 Bc7 47.
Bc3 Bb8 48. Bb2 Bc7 49. Bc3 1/2-1/2

[Event "CrunchLab Masters Div 3 W"]
[Site "chess.com INT"]
[Date "2024.07.21"]
[Round "4.2"]
[White "Dubov, Daniil"]
[Black "Erigaisi, Arjun"]
[Result "0-1"]
[WhiteTitle "GM"]
[BlackTitle "GM"]
[WhiteElo "2701"]
[BlackElo "2778"]
[WhiteFideId "24126055"]
[BlackFideId "35009192"]
[EventDate "2024.07.19"]
[EventType "k.o."]

1. d4 Nf6 2. Nf3 d5 3. c4 e6 4. g3 Bb4+ 5. Bd2 Be7 6. Bg2 O-O 7. O-O Nbd7 8. Qc2
c6 9. Rc1 a5 10. Bf4 a4 11. h4 h6 12. a3 Qa5 13. Nbd2 Nh5 14. Be5 f6 15. Bf4
Nxf4 16. gxf4 f5 17. e3 Qd8 18. Qc3 Bxh4 19. Nxh4 Qxh4 20. Nf3 Qe7 21. Rab1 Nf6
22. Ne5 Kh7 23. Qb4 Qxb4 24. axb4 Bd7 25. b5 Rfc8 26. b6 dxc4 27. Nxc4 Ra6 28.
Ra1 Rca8 29. Ra3 Nd5 30. b3 Nxb6 31. Nxb6 Rxb6 32. bxa4 Kg6 33. Bf1 Kf6 34. a5
Rb2 35. a6 Ra7 36. Raa1 Ke7 37. axb7 Rxa1 38. Rxa1 Rxb7 39. Bg2 Rc7 40. Ra5 Kd6
41. Kh2 c5 42. dxc5+ Rxc5 43. Rxc5 Kxc5 44. e4 Bc6 45. f3 fxe4 46. fxe4 Kd4 47.
Bh3 e5 48. Kg3 exf4+ 49. Kxf4 g5+ 50. Kg3 Ke5 0-1

[Event "CrunchLab Masters Div 3 W"]
[Site "chess.com INT"]
[Date "2024.07.21"]
[Round "4.3"]
[White "Anton Guijarro, David"]
[Black "Alekseev, Evgeny"]
[Result "1/2-1/2"]
[WhiteTitle "GM"]
[BlackTitle "GM"]
[WhiteElo "2669"]
[BlackElo "2550"]
[WhiteFideId "2285525"]
[BlackFideId "4138147"]
[EventDate "2024.07.19"]
[EventType "k.o."]

1. d4 Nf6 2. c4 e6 3. Nf3 d5 4. Nc3 Bb4 5. cxd5 exd5 6. Bf4 c6 7. e3 Bf5 8. a3
Be7 9. h3 Nbd7 10. Be2 O-O 11. Nh4 Be6 12. Nf3 Ne4 13. Nxe4 dxe4 14. Nd2 f5 15.
Bc4 Bxc4 16. Nxc4 Nb6 17. Qb3 Qd5 18. Rc1 Rac8 19. Na5 Qxb3 20. Nxb3 Nd5 21. g3
Nxf4 22. gxf4 Rfd8 23. Ke2 Rd5 24. Rc2 Kf7 25. Nd2 g5 26. fxg5 Bxg5 27. Rg1 Bf6
28. b4 Re8 29. Rc5 Be7 30. Rc3 Bd6 31. Nb3 f4 32. Nc5 Re7 33. Rcc1 Rh5 34. Rg4
Rxh3 35. Rcg1 Kf6 36. Rg8 Bxc5 37. bxc5 fxe3 38. fxe3 Rh2+ 39. Ke1 Ke6 40. R8g5
Kd7 41. Rg7 b6 42. Rxe7+ Kxe7 43. Rg4 bxc5 44. dxc5 Ke6 45. Rxe4+ Kd5 46. Ra4
Kxc5 47. Rxa7 h5 48. a4 h4 49. Rh7 Kc4 50. e4 Kd4 51. a5 Kxe4 52. a6 Ke3 53. Kd1
Ra2 54. Rxh4 Rxa6 55. Kc2 c5 56. Kc3 Rc6 1/2-1/2

[Event "CrunchLab Masters Div 3 W"]
[Site "chess.com INT"]
[Date "2024.07.21"]
[Round "4.3"]
[White "Erigaisi, Arjun"]
[Black "Dubov, Daniil"]
[Result "1/2-1/2"]
[WhiteTitle "GM"]
[BlackTitle "GM"]
[WhiteElo "2778"]
[BlackElo "2701"]
[WhiteFideId "35009192"]
[BlackFideId "24126055"]
[EventDate "2024.07.19"]
[EventType "k.o."]

1. c4 Nf6 2. Nf3 c5 3. Nc3 e6 4. e3 a6 5. d4 d5 6. cxd5 exd5 7. b3 Nc6 8. Bb2
Bg4 9. dxc5 Bxc5 10. Be2 O-O 11. O-O Re8 12. h3 Bh5 13. Nh4 Bg6 14. Nxg6 hxg6
15. Bf3 Ne7 16. Rc1 Rc8 17. e4 dxe4 18. Nxe4 Nxe4 19. Bxe4 Qb6 20. Qf3 Rc7 21.
Bxb7 Nf5 22. Be4 Nd4 23. Bxd4 Bxd4 24. Rxc7 Qxc7 25. Bxg6 Bxf2+ 26. Qxf2 fxg6
27. Re1 Rf8 28. Qd4 Rf4 29. Re8+ Kh7 30. Qd8 Qc5+ 31. Kh2 g5 32. Qd3+ Rf5 33.
Re1 g6 34. Qd7+ Kh6 35. Re7 g4 36. Qd2+ Rg5 37. h4 g3+ 38. Kh1 Qxe7 39. Qxg5+
Qxg5 40. hxg5+ Kxg5 41. Kg1 Kf4 42. b4 Ke3 43. a4 Kd4 44. Kf1 Kc4 45. b5 axb5
46. axb5 Kxb5 47. Ke2 Kc6 48. Kf3 Kd6 49. Kxg3 Ke6 50. Kg4 Kf6 51. Kf4 g5+ 52.
Kg4 Kg6 1/2-1/2

[Event "CrunchLab Masters Div 3 W"]
[Site "chess.com INT"]
[Date "2024.07.21"]
[Round "4.4"]
[White "Alekseev, Evgeny"]
[Black "Anton Guijarro, David"]
[Result "1-0"]
[WhiteTitle "GM"]
[BlackTitle "GM"]
[WhiteElo "2550"]
[BlackElo "2669"]
[WhiteFideId "4138147"]
[BlackFideId "2285525"]
[EventDate "2024.07.19"]
[EventType "k.o."]

1. Nf3 d5 2. e3 Nf6 3. c4 dxc4 4. Bxc4 e6 5. b3 c5 6. Bb2 Nc6 7. Nc3 a6 8. Be2
Be7 9. g4 h6 10. Rg1 e5 11. g5 hxg5 12. Nxg5 Bf5 13. Bc4 Rf8 14. Qf3 Qd7 15. Na4
Bg4 16. Nb6 Bxf3 17. Nxd7 Nxd7 18. Nxf3 Bf6 19. Ng5 Nb4 20. Kd1 Rd8 21. a3 Nc6
22. Kc2 Nb6 23. Be2 Rh8 24. h3 Ke7 25. Rg3 Nc8 26. Ne4 Nd6 27. Nxf6 gxf6 28. Bf3
c4 29. b4 a5 30. bxa5 Nxa5 31. Bc3 Nb3 32. Rh1 Ke6 33. Bb4 Nb5 34. h4 Ra8 35.
Kb2 Rhd8 36. Rd1 Rd7 37. e4 Rdd8 38. Bg4+ f5 39. Bxf5+ Kf6 40. h5 Rh8 41. Rh1
Rad8 42. h6 Nxd2 43. h7 c3+ 44. Ka2 Nxe4 45. Bxe4 Rd2+ 46. Ka1 Nd4 47. Rh6# 1-0